| 000 | 00592nam a2200241 a 4500 | ||
|---|---|---|---|
| 001 | nice12345678 | ||
| 003 | IN_TiNIC | ||
| 005 | 20260116011533.0 | ||
| 008 | 050524s1965 lona grp 000 0 eng | ||
| 020 |
_a _c176.4 |
||
| 082 | 0 | 0 |
_a231.7 _bPAC |
| 100 | _aPacker, J I | ||
| 245 |
_aGod Has Spoken _b Revelation and the Bible |
||
| 260 |
_aLondon _bHodder & Stoughton _c1965 |
||
| 300 | _a95p | ||
| 500 | _aincludes index and biblioraphy | ||
| 505 | 2 | _aBibliography | |
| 650 | _aRevelation-Christian | ||
| 700 | 1 | _aPacker, J I | |
| 902 | _bSRS | ||
| 942 | _cBK | ||
| 999 |
_c2416 _d2416 |
||